Pakistan: Financial sector assessment 1990-2000 (Record no. 588882)

000 -LEADER
fixed length control field 00331nam a22001217a 4500
082 ## - DEWEY DECIMAL CLASSIFICATION NUMBER
Classification number 332.152 SBP
100 ## - MAIN ENTRY--PERSONAL NAME
Personal name State Bank of Pakistan
245 ## - TITLE STATEMENT
Title Pakistan: Financial sector assessment 1990-2000
Statement of responsibility, etc. State Bank of Pakistan
260 ## - PUBLICATION, DISTRIBUTION, ETC.
Place of publication, distribution, etc. Karachi
Name of publisher, distributor, etc. State Bank of Pakistan
Date of publication, distribution, etc. 2000
300 ## - PHYSICAL DESCRIPTION
Extent 186p
563 ## - BINDING INFORMATION
Binding note P.B
942 ## - ADDED ENTRY ELEMENTS (KOHA)
Source of classification or shelving scheme
Koha item type Book
Holdings
Withdrawn status Lost status Source of classification or shelving scheme Damaged status Not for loan Permanent Location Current Location Date acquired Total Checkouts Full call number Barcode Date last seen Price effective from Koha item type
          Central Library (CL) Central Library (CL) 03/20/2022   332.152 SBP S3H-R-228 03/20/2022 03/20/2022 Book
© 2023 Central Library, National University of Sciences and Technology. All Rights Reserved.